000 00285 a2200121 4500
001 146355
040 _cEscola São Tomás de Aquino
100 _aDEFOE, Daniel
240 1 0 _aRobinson Crusoé
_lpor
245 1 0 _aRobinson Crusoé
697 _a*LITERATURA INFANTO JUVENIL
942 _cBK
999 _c146355
_d146355